Quizzes
Events
Quiz Creation
Community
Videos
Private Events
Remove Ads
Sign In
Join for FREE
Feedback
Dark Mode
Quiz Categories
Sports
Geography
Music
Movies
Television
Just For Fun
Miscellaneous
History
Literature
Language
Science
Gaming
Entertainment
Religion
Holiday
For Kids
Quiz Lab
Recent
Popular Today
Quiz Kudos Today
Editor Picks
Curator Picks
Quizzes by...
Day
Popularity
Type
Ratings
Length
Year
Community
Subscriptions
Recent Discussions
Orange Saloon
Badges
Playlists
Quests
Create
Leaderboards
Showdown
Live 5
Trivia Bingo
Activity
Puzzle Library
Sporcle Events
Private Events
Virtual Trivia
Globe League
Become a Host
Pub Owners
SporcleCon
Opinionation
Our Games
Videos
Blog
Mobile Apps
Partnerships
Remove Ads and Go Orange
Feedback
Television
TV Characters
TV Show
Sitcom
Network
Friends
Reality Shows
Cast
South Park
Star Trek
The Simpsons
Doctor Who
Television
TV Characters
TV Show
Sitcom
Network
Friends
Reality Shows
Cast
South Park
Star Trek
The Simpsons
Doctor Who
Random Quiz
Search Sporcle
×
Quiz Lab
Quiz Lab
Television
Type in answers that appear in a list
Type in answers that appear in a list
Classic
Best Score? Go Orange.
Doctor Who Time Lord Stories Stats
Can you name the Time Lord Stories from Doctor Who?
By
cheesyabs6
10m
31 Questions
112 Plays
112 Plays
112 Plays
Comments
Comments
Give Quiz Kudos
Give Quiz Kudos
-
- Ratings
hide this ad
More Info
Replay
Link that replays current quiz
Next Quiz
Link to next quiz in quiz playlist
You Got
0%
They Got
Avg Score
67%
Avg Friend Score
Upgrade to see
Score Distribution
Jump to the score distribution portion of the page
Score
0/31
Timer
10:00
0
Plays Today
Year
Story
% Correct
2009-
2010
The End of Time
87.5%
1983
The Five Doctors
84.8%
1972-
1973
The Three Doctors
83.9%
1996
Doctor Who (The Movie)
81.3%
2008
Utopia
80.4%
1969
The War Games
79.5%
2008
Last of the Time Lords
79.5%
2008
The Sound of Drums
76.8%
1981
Logopolis
75.9%
1971
Terror of the Autons
74.1%
1965
The Time Meddler
72.3%
1987
Time and the Rani
71.4%
1986
The Trial of a Time Lord
69.6%
1976
The Deadly Assassin
68.8%
1982
Castrovalva
67%
1989
Survival
67%
Year
Story
% Correct
1985
The Mark of the Rani
65.2%
1971
The Daemons
64.3%
1971
The Claws of Axos
63.4%
1981
The Keeper of Traken
63.4%
1972
The Sea Devils
62.5%
1971
The Mind of Evil
59.8%
1973
Frontier in Space
58%
1984
Planet of Fire
58%
1978
The Invasion of Time
56.3%
1983
The King's Demons
54.5%
1971
Colony In Space
52.7%
1983
Arc of Infinity
52.7%
1972
The Time Monster
52.7%
1982
Time-Flight
52.7%
1976
The Brain of Morbius
48.2%
Quiz Playlist
Details
Report
Send in Message
Add To Playlist
More Info:
All of the Time Lord specific stories (including stories with a solitary Time Lord villain) in the History of Doctor Who, can you name them all?
Classic:
Type in answers that appear in a list
Last Updated: Feb 16, 2017
Quiz Scoreboard
CHALLENGE
Sign Up to Join the Scoreboard
Show All
Scores
Hide
Comments
May contain spoilers
Recently Published
Movies - When Are They Set?
by FPL_Elf
Movies
5m
Popular People in 1961
by mucciniale
History
6m
1-10 Letter E Words III
by El_Dandy
Language
2m
More to Explore
Quiz From the Vault
Featured Blog Post
Where Did the Easter Bunny Come From?
hide this ad
You Might Also Like...
Tags
This quiz does not have any tags.
Today's Top Quizzes in Television
Browse Television
hide this ad
Top Contributed Quizzes in Television
1
One Piece Logic Puzzle
2
Survivor Logic Puzzle: Heroes vs. Villains
3
Survivor Seasons
4
Survivor Season by Logo
5
Survivor Trivia
6
Survivor Logic Puzzle: Winners at War
7
Ultimate Survivor Logic Puzzle
8
Phoebe Buffay Quotes
9
One Thing in Common: Television
10
Who Wants to Be a Millionaire?
Explore More
Trending Topics
Crossword
Marvel
Anime
Kpop
Disney
Harry Potter
NBA
WWE
Country
NFL
Puzzle
The Office
Song
Soccer
Pokémon
hide this ad
More By:
cheesyabs6
Quiz
Plays
Rating
Category
Featured
Created
Doctor Who's Classic Villians
545
3.25
Television
Jul 7, 2010
Oddworld Inhabitants
210
1.67
Gaming
Jul 28, 2010
Ingredients of a Vesper Martini
166
3.50
Movies
Sep 16, 2010
Doctor Who Time Lord Stories
112
3.67
Television
Jul 28, 2010
Plus One Characters
3
Television
Sep 4, 2010
Go to Creator's Profile
Score Distribution
Quiz Creator Spotlight
cheesyabs6
Follow
Send a Message
Quizzes Created
-
Created Quiz Play Count
-
More By This Creator
Popular Quizzes Today
1
Find the US States - No Outlines Minefield
2
Find the Countries of Europe - No Outlines Minefield
3
The Countries of the World
4
Popular People in 1961
5
1-10 Letter E Words III
6
US States
7
Find the US States
8
One Thing in Common: World Cities II
More Television Quizzes
TV Character Name Match
Published
Trending Quizzes
Risky Map Clicking: Least Populous States A-Z
1-10 Letter F Words
1-10 Letter G Words
One Thing in Common: United Kingdom
Risky Map Clicking: Next State Alphabetically
Recently Updated
Leaping Animals
pecheneg
Reality TV Shows (A-Z)
bhenderson79
Rickey Henderson's Hall of Fame Teammates
pecheneg
Champions League XIs: Arsenal
pecheneg
Quick Pick: Celebrities in WWE's Hall of Fame
aduchscher
A-Z Keypad Blitz II
pecheneg
Multiple Oscar Actors
pecheneg
Mystery Phrase Blitz: Oscar 'Best Actors'
pecheneg
F. Scott Fitzgerald Novels
LTH
Pick 3 Villains
ddd62291
Trending Topics
NBA
Crossword
Kpop
Marvel
Anime
Harry Potter
Disney
WWE
Puzzle
Soccer
Country
The Office
Song
NFL
Pokémon
Your Account Isn't Verified!
In order to create a playlist on Sporcle, you need to verify the email address you used during registration. Go to your
Sporcle Settings
to finish the process.
Report this User
Report this user for behavior that violates our
Community Guidelines
.
Details:
Send Report
Go to the Sporcle.com Mobile Site →
Comments